000 00705nam a2200241Ia 4500
003 OSt
005 20221005075911.0
006 a|||||r|||| 00| 0
007 ta
008 221004b |||||||| |||| 00| 0 eng d
020 _a9788122422108 (pbk)
_cIndian Rupees 295
024 _a70660
037 _bGift, 05/12/2021,
_cTextual
040 _aCRL
_cCRL
_beng
041 _2eng
_aeng
082 _aP111:4k, P8
245 0 _aNew age international webster's standard dictionary
260 _aNew Delhi
_bNew Age International Publishers India
_c2008
300 _a317p.
_ccm.
650 _aLINGUISTICS
942 _hP111:4k, P8
_cTEXL
_2cc
999 _c985374
_d985374